| 000 | 00359nam a22001337a 4500 | ||
|---|---|---|---|
| 020 | _a9789380235851 | ||
| 082 |
_a630. _bSHA/AG |
||
| 245 | _aAgro-enterprises Rural Development Livelihood Security | ||
| 260 |
_aNew Delhi _bNew India Publishing Agency _c2011 |
||
| 300 | _a450 | ||
| 700 |
_aSharma,J.P _9688 |
||
| 700 |
_aDubey,Shantanu Kumar _9689 |
||
| 942 | _cBK | ||
| 999 |
_c14425 _d14425 |
||